University Home | Library Home | Institutional Repository

The wonderful adventures of Nils/ (Record no. 216326)

MARC details
000 -LEADER
fixed length control field 00840nam a22002537a 4500
005 - DATE AND TIME OF LATEST TRANSACTION
control field 20260224094517.0
008 - FIXED-LENGTH DATA ELEMENTS--GENERAL INFORMATION
fixed length control field 260224b ||||| |||| 00| 0 eng d
020 ## - INTERNATIONAL STANDARD BOOK NUMBER
International Standard Book Number 9787107344305
040 ## - CATALOGING SOURCE
Original cataloging agency LC
Transcribing agency UNZA
Modifying agency RDA
Description conventions RDA
050 ## - LIBRARY OF CONGRESS CALL NUMBER
Classification number PZ 10.3
Item number LAG
100 ## - MAIN ENTRY--PERSONAL NAME
Personal name Lagerlof, Selma
Dates associated with a name 1858-1940
245 ## - TITLE STATEMENT
Title The wonderful adventures of Nils/
Statement of responsibility, etc. Selma Lagerlof; Translated by Shi Qinniang
250 ## - EDITION STATEMENT
Edition statement Edited by Cao Wenxuan and Chen Xianyun
260 ## - PUBLICATION, DISTRIBUTION, ETC.
Place of publication, distribution, etc. Beijing:
Name of publisher, distributor, etc. Peoples Education Press,
Date of publication, distribution, etc. 2020
300 ## - PHYSICAL DESCRIPTION
Extent 450p.:
Other physical details ill.
336 ## - CONTENT TYPE
CONTENT TYPE Text
337 ## - MEDIA TYPE
MEDIA TYPE Unmediated
338 ## - CARRIER TYPE
CARRIER TYPE Volume
440 ## - SERIES STATEMENT/ADDED ENTRY--TITLE
Title Happy Reading Bar: Masterpiece Reading Curriculum Series
Volume/sequential designation Grade 6, volume 2, Part 2
650 ## - SUBJECT ADDED ENTRY--TOPICAL TERM
Topical term or geographic name entry element Swedes
General subdivision Juvenile fiction
650 ## - SUBJECT ADDED ENTRY--TOPICAL TERM
Topical term or geographic name entry element Voyages and travels
General subdivision Juvenile fiction
650 ## - SUBJECT ADDED ENTRY--TOPICAL TERM
Topical term or geographic name entry element Geese
General subdivision Juvenile fiction
999 ## -
-- 216326
-- 216326
942 ## - ADDED ENTRY ELEMENTS (KOHA)
Koha item type Book
Holdings
Withdrawn status Lost status Source of classification or shelving scheme Damaged status Not for loan Home library Current library Shelving location Date acquired Total Checkouts Full call number Barcode Date last seen Copy number Price effective from Koha item type
    Library of Congress Classification     Confucius Library Confucius Library On Shelf 02/24/2026   PZ 10.3 LAG 2020 33729001525646 02/24/2026 C.1 02/24/2026 Book
    Library of Congress Classification     Confucius Library Confucius Library On Shelf 02/24/2026   PZ 10.3 LAG 2020 33729001525638 02/24/2026 C.2 02/24/2026 Book
© 2026 - The University of Zambia Library - Koha v25.11